000 00940cam a2200229 a 4500
020 _a9711022184 (pbk.)
040 _cDLC
082 0 0 _a639 PHI 1985 A091 Or.
245 1 0 _aPhilippine tilapia economics /
260 _aLos Baños, Laguna, Philippines :
_bPhilippine Council for Agriculture and Resources Research and Development ;
_aMakati Metro Manila, Philippines :
_bInternational Center for Living Aquatic Resources Management,
_c1985.
300 _av, 261 p. :
_bill. ;
_c6 cm.
490 1 _aICLARM conference proceedings,
500 _a"Proceedings of a PCARRD-ICLARM workshop, Los Baños, Laguna, Philippines, 10-13 August 1983"--T.p. verso.
650 0 _aTilapia
650 0 _aFish culture
700 1 _aSmith, Ian R.
700 1 _aTorres, Enriqueta B.
700 1 _aTan, Elvira O.
710 2 _aPCARRD (Organization : Philippines)
710 2 _aInternational Center for Living Aquatic Resources Management.
942 _cEK
999 _c15521
_d15521